Music Quiz

Random Music or Country Music Quiz

'The Ballad of the Green Beret' Quiz Stats

 Plays Quiz not verified by Sporcle

Score 0/148 Timer 10:00
0 Plays Today
% Correct
the
96.7%
The
96.7%
the
96.7%
the
96.7%
the
96.7%
the
96.7%
the
96.7%
Green
93.8%
Green
93.8%
Green
93.8%
Green
93.8%
Green
93.8%
Green
93.8%
Beret
92.4%
Beret
92.4%
Beret
92.4%
Beret
92.4%
Beret.
92.4%
be
91.4%
a
91%
a
91%
of
87.1%
of
87.1%
to
84.8%
to-
84.8%
and
83.8%
and
83.8%
on
82.9%
who
80.5%
who
80.5%
who
80.5%
fight
80%
men
79%
Men
79%
men
79%
men,
79%
men
79%
Men
79%
men,
79%
men
79%
in
78.6%
they
78.1%
One
78.1%
One
78.1%
die
77.1%
one
77.1%
one
77.1%
He
75.7%
from
75.2%
from
75.2%
% Correct
best
74.8%
day
74.8%
best
74.8%
best
74.8%
day
74.8%
are
74.3%
are
74.3%
America's
73.3%
we'll
73.3%
But
73.3%
America's
73.3%
we'll
73.3%
But
73.3%
America's
73.3%
Fighting
72.9%
soldiers
72.9%
what
72.4%
brave
71.4%
chest
71.4%
only
71.4%
chest
71.4%
only
71.4%
chest
71.4%
their
71%
their
71%
win
70%
win
70%
my
70%
win
70%
sky
69%
night
69%
Silver
68.6%
Silver
68.6%
silver
68.6%
him
68.6%
him
68.6%
wings
68.1%
These
68.1%
wings
68.1%
These
68.1%
wings
68.1%
jump
67.6%
just
67.6%
today
67.6%
today
67.6%
for
67.6%
say
67.1%
hundred
67.1%
test
67.1%
hundred
67.1%
% Correct
test
67.1%
at
67.1%
test
67.1%
upon
66.7%
upon
66.7%
his
65.7%
his
65.7%
three
64.8%
three
64.8%
son's
64.8%
Make
64.8%
Her
63.8%
her
63.8%
Put
63.8%
Berets
62.9%
has
62.4%
has
62.4%
man
62.4%
Fearless
61.4%
mean
61.4%
home
61%
live
60.5%
wife
60%
He'll
60%
young
59.5%
Back
58.1%
died
57.1%
those
57.1%
they'll
55.7%
waits
55.2%
by
54.8%
combat,
54.3%
last
54.3%
land
53.8%
hand-
53.8%
hand
53.8%
met
53.8%
request
53.8%
Trained
53.3%
Trained
53.3%
fate
53.3%
Have
52.9%
off
51.9%
Leaving
49%
nature's
47.6%
oppressed
47.1%
Courage
45.2%
take
37.1%

You're not logged in!

Compare scores with friends on all Sporcle quizzes.
OR
Log In

Show Comments

Extras

Top Quizzes Today


Score Distribution

Your Account Isn't Verified!

In order to create a playlist on Sporcle, you need to verify the email address you used during registration. Go to your Sporcle Settings to finish the process.

Report this User

Report this user for behavior that violates our Community Guidelines.

Details: